Southville International School and Colleges
Your cart is empty.
  • Cart
  • Lists
    Public lists Eva Luna New books Lux_list list_1
    Your lists Log in to create your own lists
  • Log in to your account
  • Your cookies
  • Search history
Southville International School and Colleges
  • Advanced search
  • Recent comments
  • Most popular
  • Libraries

Log in to your account

Log in with GOOGLE


If you do not have an external account, but do have a local account, you can still log in:

  1. Home
  2. MARC view: Characteristics of emotional and behavioral disorders of children and youth /
Normal view MARC view ISBD view

Characteristics of emotional and behavioral disorders of children and youth / (Record no. 276013)

[ view plain ]
MARC details
000 -LEADER
fixed length control field 01896cam a22003134a 4500
001 - CONTROL NUMBER
control field 13455804
005 - DATE AND TIME OF LATEST TRANSACTION
control field 20141004104849.0
008 - FIXED-LENGTH DATA ELEMENTS--GENERAL INFORMATION
fixed length control field 040113s2005 njua b 001 0 eng
010 ## - LIBRARY OF CONGRESS CONTROL NUMBER
LC control number 2004000061
020 ## - INTERNATIONAL STANDARD BOOK NUMBER
International Standard Book Number 013111817X
040 ## - CATALOGING SOURCE
Original cataloging agency DLC
Transcribing agency DLC
Modifying agency DLC
042 ## - AUTHENTICATION CODE
Authentication code pcc
050 00 - LIBRARY OF CONGRESS CALL NUMBER
Classification number RJ 506.B44
Item number .K38 2005
082 00 - DEWEY DECIMAL CLASSIFICATION NUMBER
Classification number 618.92/89/002437
100 1# - MAIN ENTRY--PERSONAL NAME
Personal name Kauffman, James M.
245 10 - TITLE STATEMENT
Title Characteristics of emotional and behavioral disorders of children and youth /
Statement of responsibility, etc James M. Kauffman.
250 ## - EDITION STATEMENT
Edition statement 8th ed.
260 ## - PUBLICATION, DISTRIBUTION, ETC. (IMPRINT)
Place of publication, distribution, etc Upper Saddle River, N.J. :
Name of publisher, distributor, etc Pearson/Merrill Prentice Hall,
Date of publication, distribution, etc c2005.
300 ## - PHYSICAL DESCRIPTION
Extent xx, 522 pages :
Other physical details illustrations ;
Dimensions 24 cm.
504 ## - BIBLIOGRAPHY, ETC. NOTE
Bibliography, etc Includes bibliographical references (p. 457-501) and indexes.
505 0# - FORMATTED CONTENTS NOTE
Formatted contents note Definition: the nature of the problem -- Prevalence: the extent of the problem -- The history of the problem: development of the field and current issues -- Conceptual models: approaches to the problem -- Screening and classification -- Evaluation for instruction -- Biological factors -- Family factors -- School factors -- Cultural factors -- Attention and activity disorders -- Conduct disorder: overt aggression -- Conduct disorder: covert antisocial behavior -- Problem behaviors of adolescence: delinquency, substance abuse, and early sexual activity -- Anxiety and related disorders -- Depression and suicidal behavior -- Schizophrenia and pervasive developmental disorders -- A personal statement.
521 ## - TARGET AUDIENCE NOTE
Target audience note Special Education
650 #0 - SUBJECT ADDED ENTRY--TOPICAL TERM
Topical term or geographic name as entry element Behavior disorders in children.
650 #0 - SUBJECT ADDED ENTRY--TOPICAL TERM
Topical term or geographic name as entry element Emotional problems of children.
856 41 - ELECTRONIC LOCATION AND ACCESS
Materials specified Table of contents
Uniform Resource Identifier <a href="http://www.loc.gov/catdir/toc/ecip0413/2004000061.html">http://www.loc.gov/catdir/toc/ecip0413/2004000061.html</a>
906 ## - LOCAL DATA ELEMENT F, LDF (RLIN)
a 7
b cbc
c orignew
d 1
e ecip
f 20
g y-gencatlg
942 ## - ADDED ENTRY ELEMENTS (KOHA)
Source of classification or shelving scheme Library of Congress Classification
Koha item type Books
Call number prefix Foreign
Holdings
Withdrawn status Lost status Source of classification or shelving scheme Damaged status Home library Current library Shelving location Date acquired Source of acquisition Total Checkouts Full call number Barcode Date last seen Date checked out Price effective from Koha item type
    Library of Congress Classification   College Library College Library General Circulation Section 10/04/2014 Library Fund 1 RJ 506.B44 .K38 2005 C18675 09/10/2019 09/04/2019 10/04/2014 Books

Characteristics of emotional and behavioral disorders of children and youth /

APA

Kauffman J. M., . (2005). Characteristics of emotional and behavioral disorders of children and youth. Upper Saddle River, N.J: Pearson/Merrill Prentice Hall.

Chicago

Kauffman James M, . 2005. Characteristics of emotional and behavioral disorders of children and youth. Upper Saddle River, N.J: Pearson/Merrill Prentice Hall.

Harvard

Kauffman J. M., . (2005). Characteristics of emotional and behavioral disorders of children and youth. Upper Saddle River, N.J: Pearson/Merrill Prentice Hall.

MLA

Kauffman James M, . Characteristics of emotional and behavioral disorders of children and youth. Upper Saddle River, N.J: Pearson/Merrill Prentice Hall. 2005.

  • Place hold
  • Print
  • Cite
  • Add to your cart (remove)
  • Save record
    BIBTEX Dublin Core MARCXML MARC (non-Unicode/MARC-8) MARC (Unicode/UTF-8) MARC (Unicode/UTF-8, Standard) MODS (XML) RIS
  • More searches
    Search for this title in:
    Other Libraries (WorldCat) Other Databases (Google Scholar) Online Stores (Bookfinder.com) Open Library (openlibrary.org)

Exporting to Dublin Core...

SOUTHVILLE LIBRARY

Southville International School and Colleges Library

1281 Tropical Ave. Cor. Luxembourg St., BF Homes International, Las Pinas City

Tel. No. 8256374 / 252358 Loc. 117/146

Powered by Koha